<?xml version="1.0" encoding="UTF-8"?>
<record
    xmlns:xsi="http://www.w3.org/2001/XMLSchema-instance"
    xsi:schemaLocation="http://www.loc.gov/MARC21/slim http://www.loc.gov/standards/marcxml/schema/MARC21slim.xsd"
    xmlns="http://www.loc.gov/MARC21/slim">

  <leader>01762nam a2200349 i 4500</leader>
  <controlfield tag="001">768714001</controlfield>
  <controlfield tag="003">CO-MdFUSB</controlfield>
  <controlfield tag="005">20240711084948.0</controlfield>
  <controlfield tag="007">ta</controlfield>
  <controlfield tag="008">230331t2004    enk||||g |||| 00| 0 eng d</controlfield>
  <datafield tag="020" ind1=" " ind2=" ">
    <subfield code="a">0851117848</subfield>
  </datafield>
  <datafield tag="040" ind1=" " ind2=" ">
    <subfield code="a">CO-MdFUSB</subfield>
    <subfield code="b">spa</subfield>
    <subfield code="c">CO-MdFUSB</subfield>
    <subfield code="d">CO-MdFUSBC</subfield>
    <subfield code="e">rda</subfield>
  </datafield>
  <datafield tag="041" ind1=" " ind2=" ">
    <subfield code="a">eng</subfield>
  </datafield>
  <datafield tag="082" ind1=" " ind2=" ">
    <subfield code="2">23</subfield>
    <subfield code="a">221.04</subfield>
    <subfield code="b">W947o</subfield>
  </datafield>
  <datafield tag="100" ind1=" " ind2=" ">
    <subfield code="a">Wright, Christopher J. H.</subfield>
    <subfield code="d">1947-</subfield>
    <subfield code="e">autor</subfield>
  </datafield>
  <datafield tag="245" ind1=" " ind2=" ">
    <subfield code="a">Old Testament ethics for the people of God</subfield>
    <subfield code="c">/ Christopher J. H. Wright</subfield>
  </datafield>
  <datafield tag="250" ind1=" " ind2=" ">
    <subfield code="a">A fully revised, updated and integrated edition of "Living as the people of God" and "Walking in the ways of the Lord."</subfield>
  </datafield>
  <datafield tag="264" ind1=" " ind2="1">
    <subfield code="a">Leicester, England : </subfield>
    <subfield code="b">InterVarsity Press,</subfield>
    <subfield code="c">[2004]</subfield>
  </datafield>
  <datafield tag="264" ind1=" " ind2="4">
    <subfield code="c">&#xA9;2004</subfield>
  </datafield>
  <datafield tag="300" ind1=" " ind2=" ">
    <subfield code="a">520 p&#xE1;ginas </subfield>
    <subfield code="c">; 24 cm</subfield>
  </datafield>
  <datafield tag="336" ind1=" " ind2=" ">
    <subfield code="2">rdacontent</subfield>
    <subfield code="a">texto</subfield>
    <subfield code="b">txt</subfield>
  </datafield>
  <datafield tag="337" ind1=" " ind2=" ">
    <subfield code="2">rdamedia</subfield>
    <subfield code="a">sin mediaci&#xF3;n</subfield>
    <subfield code="b">n</subfield>
  </datafield>
  <datafield tag="338" ind1=" " ind2=" ">
    <subfield code="2">rdacarrier</subfield>
    <subfield code="a">volumen</subfield>
    <subfield code="b">nc</subfield>
  </datafield>
  <datafield tag="504" ind1=" " ind2=" ">
    <subfield code="a">Incluye &#xED;ndices y bibliograf&#xED;a </subfield>
  </datafield>
  <datafield tag="505" ind1=" " ind2=" ">
    <subfield code="g">Parte uno: </subfield>
    <subfield code="t">Una estructura para la &#xE9;tica del Antiguo Testamento:</subfield>
    <subfield code="a">El &#xE1;ngulo teol&#xF3;gico. --El &#xE1;ngulo social. -- El &#xE1;ngulo econ&#xF3;mico.</subfield>
    <subfield code="g">Parte dos: </subfield>
    <subfield code="t">Temas en la &#xE9;tica del Antiguo Testamento: </subfield>
    <subfield code="a">Ecolog&#xED;a y la tierra. -- Econom&#xED;a y los pobres. -- La tierra y la &#xE9;tica cristiana. -- La pol&#xED;tica y las naciones. -- Justicia y rectitud. -- El derecho y el sistema jur&#xED;dico. -- Cultura y familia. -- El camino del individuo.</subfield>
    <subfield code="g">Parte tres:</subfield>
    <subfield code="t">Estudiando la &#xE9;tica del Antiguo Testamento:</subfield>
    <subfield code="a">Un estudio de enfoques hist&#xF3;ricos. -- La erudici&#xF3;n contempor&#xE1;nea: un ensayo bibliogr&#xE1;fico. -- Hermen&#xE9;utica y autoridad en la &#xE9;tica del Antiguo Testamento.</subfield>
  </datafield>
  <datafield tag="563" ind1=" " ind2=" ">
    <subfield code="a">Tapa dura </subfield>
  </datafield>
  <datafield tag="630" ind1="0" ind2="7">
    <subfield code="a">Biblia.</subfield>
    <subfield code="p">Antiguo Testamento</subfield>
  </datafield>
  <datafield tag="650" ind1=" " ind2="7">
    <subfield code="9">185</subfield>
    <subfield code="a">&#xC9;tica cristiana</subfield>
  </datafield>
  <datafield tag="942" ind1=" " ind2=" ">
    <subfield code="c">BK</subfield>
  </datafield>
  <datafield tag="945" ind1=" " ind2=" ">
    <subfield code="a">AF</subfield>
  </datafield>
  <datafield tag="952" ind1=" " ind2=" ">
    <subfield code="0">0</subfield>
    <subfield code="1">0</subfield>
    <subfield code="2">ddc</subfield>
    <subfield code="4">0</subfield>
    <subfield code="7">0</subfield>
    <subfield code="8">GEN</subfield>
    <subfield code="a">FUSBC</subfield>
    <subfield code="b">FUSBC</subfield>
    <subfield code="d">2023-03-31</subfield>
    <subfield code="l">0</subfield>
    <subfield code="o">G 221.04 W947o</subfield>
    <subfield code="p">24159</subfield>
    <subfield code="r">2023-03-31 00:00:00</subfield>
    <subfield code="t">Ej. 1</subfield>
    <subfield code="w">2023-03-31</subfield>
    <subfield code="y">BK</subfield>
  </datafield>
  <datafield tag="999" ind1=" " ind2=" ">
    <subfield code="c">68682</subfield>
    <subfield code="d">68682</subfield>
  </datafield>
</record>
